[Event "Centrocoop op"]
[Site "Eforie Nord"]
[Date "1997.??.??"]
[Round "?"]
[White "Modoran, Vasile"]
[Black "Tufa, Simona"]
[Result "0-1"]
[WhiteElo "1625"]
[BlackElo "2060"]
[PlyCount "56"]
[EventDate "1997.??.??"]
[EventType "swiss"]
[EventRounds "11"]
[EventCountry "ROU"]
[SourceTitle "EXT 2010"]
[Source "ChessBase"]
[SourceDate "2010.11.25"]
[SourceVersion "1"]
[SourceVersionDate "2010.11.25"]
[SourceQuality "1"]

1. e4 c5 2. Nf3 Nc6 3. d4 cxd4 4. Nxd4 Nf6 5. Nc3 e6 6. Nxc6 bxc6 7. Bd3 d5 8. e5 Nd7 9. Bf4 Nc5 10. Be2 Ba6 11. Bxa6 Nxa6 12. 0-0 g6 13. Ne2 Bg7 14. c4 0-0 15. Nd4 Qb6 16. Be3 c5 17. Nf3 d4 18. Bf4 Qxb2 19. Qa4 Nb4 20. Rab1 Qe2 21. Rfe1 Qxc4 22. a3 d3 23. Bd2 Qc2 24. Rb3 Nd5 25. Qb5 c4 26. Rb2 a6 27. Qb7 Qa4 28. Rc1 c3 0-1